000 00955nam a2200253Ia 4500
003 OSt
005 20200812155542.0
008 191128s2011 ck fr 000 0 spa d
022 _a0124-0323
040 _aCO-JMCR
_cCO-JMCR
041 0 _aspa
082 0 4 _a344.02 /
_bC677c
_223
100 1 _aCortés Riaño, Carlos Alberto,
_98671
_eautor
245 1 0 _aCartilla de seguridad social y pensiones /
_cCarlos Alberto Cortés Riaño
250 _a6a. edición
260 _aBogotá :
_bLegis,
_c2011
300 _a217 páginas ;
_c27 cm.
505 0 _aSistema de seguridad social integral -- Sistema general de pensiones -- Sistema de seguridad social en la salud -- Sistema general de riesgos profesionales -- Cuadros y datos de interés
650 1 4 _aPensiones
_98672
_zColombia
650 1 4 _aSeguridad social
_zColombia
_97785
650 1 4 _aFondos de pensiones
_zColombia
_98678
650 1 4 _aPrestaciones sociales
_zColombia
_98679
942 _2ddc
_cBK
999 _c5890
_d5890